|
|
|
|
| LEADER |
00000nam0a2200000 4500 |
| 001 |
221483 |
| 005 |
20231101230413.0 |
| 010 |
|
|
|a 9785160056661
|
| 035 |
|
|
|a (RuTPU)RU\TPU\book\241640
|
| 090 |
|
|
|a 221483
|
| 100 |
|
|
|a 20120911d2013 m y0rusy50 ca
|
| 101 |
0 |
|
|a rus
|
| 102 |
|
|
|a RU
|
| 105 |
|
|
|a y j 001zy
|
| 200 |
1 |
|
|a Диссидентство в СССР: историко-правовые аспекты (1950-1980гг.)
|e учебное пособие
|f Л. А. Королева, А. А. Королев
|
| 210 |
|
|
|a Москва
|c Инфра-М
|d 2013
|
| 215 |
|
|
|a 276 с.
|
| 225 |
1 |
|
|a Высшее образование: Магистратура
|
| 320 |
|
|
|a Библиогр.: с. 249-251.
|
| 330 |
|
|
|a В пособии на основе обширного круга источников, главным образом архивных, исследованы и систематизированы причины и предпосылки возникновения, специфика, мировоззренческие основы советского инакомыслия, принципы взаимодействия диссидентства и властных структур в СССР в 1950-1980-е гг. Книга рассчитана на научных работников, преподавателей и студентов, а также на всех интересующихся проблемами в российской истории.
|
| 606 |
1 |
|
|a Диссидентство 1965-1985
|2 stltpush
|3 (RuTPU)RU\TPU\subj\66832
|9 82855
|
| 610 |
1 |
|
|a Россия
|
| 610 |
1 |
|
|a 20 век
|
| 610 |
1 |
|
|a инакомыслие
|
| 610 |
1 |
|
|a диссидентское движение
|
| 610 |
1 |
|
|a партийно-государственная политика
|
| 686 |
|
|
|a Т3(2)63-4я7
|v LBC/SL-A
|2 rubbk
|
| 700 |
|
1 |
|a Королева
|b Л. А.
|g Лариса Александровна
|
| 701 |
|
1 |
|a Королев
|b А. А.
|g Алексей Александрович
|
| 801 |
|
1 |
|a RU
|b 63413507
|c 20120911
|
| 801 |
|
2 |
|a RU
|b 63413507
|c 20150429
|g RCR
|
| 942 |
|
|
|c BK
|
| 959 |
|
|
|a 114/20120911
|d 2
|e 279,90
|f ЧЗГЛ:1
|f АНЛ:1
|